| 000 | 00590nam a2200145Ia 4500 | ||
|---|---|---|---|
| 008 | 170221s9999 xx 000 0 und d | ||
| 100 | _aDennis Huzey | ||
| 245 | _aLearning the hard way vs. vicarious learning: Post crisis learning for small business | ||
| 245 | _cDennis Huzey, Felician College; Stephen C. Betts, William Paterson University; Vincent Vicari, Bergen County Small Business Development Center. | ||
| 260 | _bJournal of Management and Marketing Research | ||
| 260 | _c2012 | ||
| 300 | _a1 : 4 | ||
| 650 | _xBusiness | ||
| 856 | _uhttp://www.aabri.com/manuscripts/131735.pdf | ||
| 999 |
_c313414 _d313414 |
||